| 000 | 01079nas a2200373 4500 | ||
|---|---|---|---|
| 001 | BR2013007309 | ||
| 003 | BR-BrBNA | ||
| 005 | 20231205122917.0 | ||
| 007 | ta | ||
| 008 | 230509b bl.|||p| |||| 00| 00por d | ||
| 040 |
_aBR-BrBNA _bpor _cBiblioteca Nacional de Agricultura |
||
| 041 | _a(En) | ||
| 072 | _aL53 | ||
| 100 | 1 | _aSmith, L.C. | |
| 100 | 1 | _aSuzuki Junior, J. | |
| 100 | 1 | _aGoff, A.K. | |
| 100 | 1 | _aFilion, F. | |
| 100 | 1 | _aTherrien, J. | |
| 100 | 1 | _aMurphy, B.D. | |
| 100 | 1 | _aKohan-Ghadr, H.R. | |
| 100 | 1 | _aLefebvre, R. | |
| 100 | 1 | _aBrisville, A.C. | |
| 100 | 1 | _aBuczinki, S. | |
| 100 | 1 | _aFecteau, G. | |
| 100 | 1 | _aPerecin, F. | |
| 100 | 1 | _aMeirelles, J.V. | |
| 245 | 1 | _aEpigenetic anomalies associated with prenatal survival and neonatal morbidity in cloned calves | |
| 650 | _aBOVINO | ||
| 650 | _aREPRODUÇÃO ANIMAL | ||
| 650 | _aEMBRIÃO ANIMAL | ||
| 773 | 0 |
_tAnimal Reproduction (Brazil) _xISSN 1806-9614 _g(Jul-Sep 2010), v. 7(3) p. 197-203 _wBR2013007309 |
|
| 909 |
_a202311 _bLúcia _c55 _dLúcia Elande |
||
| 942 |
_2AGRIS _n0 _cANA |
||
| 999 |
_c231217 _d231217 |
||